2025 Hit Songs - Statistics

General Stats
  • This quiz has been taken 530 times
  • The average score is 9 of 20
Answer Stats
Hint Answer % Correct
Die With a Smile Lady Gaga & Bruno Mars
93%
Apt. Rose & Bruno Mars
89%
Manchild Sabrina Carpenter
81%
The Fate of Ophelia Taylor Swift
81%
Anxiety Doechii
66%
Ordinary Alex Warren
60%
Luther Kendrick Lamar & SZA
60%
Sports Car Tate McRae
53%
DTMF Bad Bunny
45%
The Subway Chappell Roan
41%
Daisies Justin Bieber
41%
Man I Need Olivia Dean
40%
Golden Huntr/x
36%
Soda Pop Saja Boys
29%
Evil J0rdan Playboi Carti
23%
4x4 Travis Scott
23%
Mutt Leon Thomas
22%
Love Me Not Ravyn Lenae
16%
What I Want Morgan Wallen & Tate McRae
15%
Outside Cardi B
8%
No matching quizzes found
Score Distribution
Percent of People with Each Score
Percentile by Number Answered
Your Score History
You have not taken this quiz